Historia social de España y de Hispanoamérica [Texto impreso] / (Registro nro. 20224)
[ vista simple ]
| 000 -CABECERA | |
|---|---|
| campo de control de longitud fija | 00630nam a2200193 u 4500 |
| 001 - NÚMERO DE CONTROL | |
| campo de control | 000020720 |
| 005 - FECHA Y HORA DE LA ÚLTIMA TRANSACCIÓN | |
| campo de control | 20200930011142.0 |
| 008 - DATOS DE LONGITUD FIJA--INFORMACIÓN GENERAL | |
| campo de control de longitud fija | 100813s1961 es r 001 0 spa d |
| 040 ## - FUENTE DE LA CATALOGACIÓN | |
| Centro catalogador/agencia de origen | DO-SdBNP |
| Lengua de catalogación | spa |
| Centro/agencia transcriptor | BPJMD |
| 082 ## - NÚMERO DE LA CLASIFICACIÓN DECIMAL DEWEY | |
| Número de clasificación | xxxx |
| Número de documento/Ítem | B465h |
| 100 1# - ENTRADA PRINCIPAL--NOMBRE DE PERSONA | |
| Nombre de persona | Beneyto, Juan |
| 9 (RLIN) | 43472 |
| 245 10 - MENCIÓN DE TÍTULO | |
| Título | Historia social de España y de Hispanoamérica [Texto impreso] / |
| Mención de responsabilidad, etc. | Juan Beneyto. |
| 260 ## - PUBLICACIÓN, DISTRIBUCIÓN, ETC. | |
| Lugar de publicación, distribución, etc. | Madrid : |
| Nombre del editor, distribuidor, etc. | Aguilar, |
| Fecha de publicación, distribución, etc. | 21 cm. |
| 300 ## - DESCRIPCIÓN FÍSICA | |
| Extensión | 517 p. ; |
| Dimensiones | 21 cm. |
| 650 #4 - PUNTO DE ACCESO ADICIONAL DE MATERIA--TÉRMINO DE MATERIA | |
| Término de materia o nombre geográfico como elemento de entrada | Aguilar |
| 9 (RLIN) | 43473 |
| 651 #4 - PUNTO DE ACCESO ADICIONAL DE MATERIA--NOMBRE GEOGRÁFICO | |
| Nombre geográfico | España |
| Subdivisión general | Historia Social |
| 9 (RLIN) | 43474 |
| 650 #4 - PUNTO DE ACCESO ADICIONAL DE MATERIA--TÉRMINO DE MATERIA | |
| Término de materia o nombre geográfico como elemento de entrada | América española |
| Subdivisión general | Historia social |
| 9 (RLIN) | 43475 |
| 651 #4 - PUNTO DE ACCESO ADICIONAL DE MATERIA--NOMBRE GEOGRÁFICO | |
| Nombre geográfico | España |
| Subdivisión general | Historia Social |
| Subdivisión cronológica | 711-1492 |
| 9 (RLIN) | 43476 |
No hay ítems disponibles.
